[Event "29th Czech Open-Rapid 2018"]
[Site "Pardubice"]
[Date "2018.07.18"]
[Round "3"]
[White "Meleshko, Vladimir"]
[Black "Maslak, Alexander"]
[Result "1-0"]
[WhiteElo "2268"]
[BlackElo "2154"]
[Annotator "NA"]
[PlyCount "47"]
[EventDate "2018.07.18"]
[EventType "swiss"]
[EventCountry "CZE"]
[SourceTitle "playchess.com"]
[Source "ChessBase"]
[SourceQuality "1"]
[TimeControl "900+10"]

1. e4 {[%emt 0:00:00]} c5 {[%emt 0:00:00]} 2. Nf3 {[%emt 0:00:00]} Nc6 {[%emt 0:00:00]} 3. d4 {[%emt 0:00:02]} cxd4 {[%emt 0:00:00]} 4. Nxd4 {[%emt 0:00:02]} g6 {[%emt 0:00:03]} 5. c4 {[%emt 0:01:38]} Bg7 {[%emt 0:00:04]} 6. Be3 {[%emt 0:00:02]} Nf6 {[%emt 0:00:01]} 7. Nc3 {[%emt 0:00:03]} Ng4 {[%emt 0:00:02]} 8. Qxg4 {[%emt 0:00:05]} Nxd4 {[%emt 0:00:03]} 9. Qd1 {[%emt 0:00:07]} Ne6 {[%emt 0:00:02]} 10. Be2 {[%emt 0:01:05]} Qa5 {[%emt 0:00:09]} 11. O-O {[%emt 0:00:12]} g5 {[%emt 0:01:46]} 12. Bg4 {[%emt 0:02:44]} Be5 {[%emt 0:02:03]} 13. Nd5 {[%emt 0:00:41]} Bxb2 {[%emt 0:00:43]} 14. Rb1 {[%emt 0:00:17]} Be5 {[%emt 0:00:03]} 15. Rb5 {[%emt 0:01:06]} Qd8 {[%emt 0:00:42]} 16. Nxe7 {[%emt 0:00:18]} Bxh2+ {[%emt 0:00:54]} 17. Kxh2 {[%emt 0:00:01]} Qxe7 {[%emt 0:00:01]} 18. Bxe6 {[%emt 0:00:55]} fxe6 {[%emt 0:04:43]} 19. Bxg5 {[%emt 0:00:24]} Qf7 {[%emt 0:00:02]} 20. Qd6 {[%emt 0:01:45]} a6 {[%emt 0:01:12]} 21. Rc5 {[%emt 0:00:30]} b5 {[%emt 0:03:23]} 22. Qb6 {[%emt 0:01:18]} Qh5+ {[%emt 0:00:55]} 23. Kg1 {[%emt 0:00:03]} O-O {[%emt 0:00:04]} 24. Be7 {[%emt 0:00:31]} 1-0

[Event "29th Czech Open-Rapid 2018"]
[Site "Pardubice"]
[Date "2018.07.18"]
[Round "3"]
[White "Tsvetkov, Andrey"]
[Black "Trost, Edvin"]
[Result "1-0"]
[WhiteElo "2259"]
[BlackElo "1925"]
[Annotator "NA"]
[PlyCount "103"]
[EventDate "2018.07.18"]
[EventType "swiss"]
[EventCountry "CZE"]
[SourceTitle "playchess.com"]
[Source "ChessBase"]
[SourceQuality "1"]
[TimeControl "900+10"]

1. d4 {[%emt 0:00:00]} Nf6 {[%emt 0:00:00]} 2. c4 {[%emt 0:00:00]} c5 {[%emt 0:00:00]} 3. d5 b5 {[%emt 0:00:00]} 4. cxb5 {[%emt 0:00:00]} a6 {[%emt 0:00:00]} 5. bxa6 {[%emt 0:00:00]} Bxa6 {[%emt 0:00:00]} 6. Nc3 {[%emt 0:00:00]} d6 {[%emt 0:00:00]} 7. e4 {[%emt 0:00:00]} Bxf1 {[%emt 0:00:00]} 8. Kxf1 {[%emt 0:00:00]} g6 9. g3 Bg7 {[%emt 0:00:03]} 10. Kg2 {[%emt 0:00:00]} O-O {[%emt 0:00:02]} 11. Nf3 {[%emt 0:00:00]} Nbd7 12. a4 Ra6 {[%emt 0:00:04]} 13. Qc2 {[%emt 0:00:06]} Qa8 {[%emt 0:00:03]} 14. Nb5 {[%emt 0:00:22]} Rc8 {[%emt 0:00:09]} 15. Bd2 {[%emt 0:00:13]} c4 {[%emt 0:00:17]} 16. Nfd4 {[%emt 0:00:50]} Nc5 {[%emt 0:00:10]} 17. Nc6 {[%emt 0:00:02]} Kf8 {[%emt 0:00:35]} 18. Qxc4 {[%emt 0:00:48]} Ncxe4 {[%emt 0:02:10]} 19. Bb4 {[%emt 0:04:09]} Nxd5 {[%emt 0:00:40]} 20. Qxd5 {[%emt 0:00:01]} Qxc6 {[%emt 0:00:02]} 21. Rac1 {[%emt 0:00:01]} Nc5 {[%emt 0:00:17]} 22. Qxc6 {[%emt 0:00:01]} Raxc6 {[%emt 0:00:12]} 23. Na7 {[%emt 0:00:05]} Bxb2 {[%emt 0:00:13]} 24. Rc2 {[%emt 0:00:10]} Bd4 {[%emt 0:00:42]} 25. Rd1 {[%emt 0:00:47]} Bf6 {[%emt 0:00:06]} 26. Nxc8 {[%emt 0:00:43]} Rxc8 {[%emt 0:00:01]} 27. Bxc5 {[%emt 0:00:01]} dxc5 {[%emt 0:00:05]} 28. Rc4 {[%emt 0:01:20]} e6 {[%emt 0:04:11]} 29. Rd7 {[%emt 0:00:15]} Bd8 {[%emt 0:02:29]} 30. Rb7 {[%emt 0:00:18]} Ke8 {[%emt 0:00:21]} 31. Rb5 {[%emt 0:00:32]} Be7 {[%emt 0:00:08]} 32. a5 {[%emt 0:00:01]} Kd7 {[%emt 0:00:05]} 33. Rb7+ {[%emt 0:00:06]} Rc7 {[%emt 0:00:03]} 34. Rxc7+ {[%emt 0:00:40]} Kxc7 {[%emt 0:00:00]} 35. Kf3 {[%emt 0:00:01]} Kb7 {[%emt 0:00:35]} 36. Ke4 {[%emt 0:00:30]} Bd6 {[%emt 0:00:01]} 37. Ra4 {[%emt 0:00:06]} Ka6 {[%emt 0:00:03]} 38. Kd3 {[%emt 0:00:02]} h5 {[%emt 0:01:36]} 39. Kc4 {[%emt 0:00:01]} Be7 {[%emt 0:00:06]} 40. h4 {[%emt 0:00:04]} Bd6 {[%emt 0:00:11]} 41. Ra1 {[%emt 0:00:03]} f5 {[%emt 0:00:21]} 42. Rd1 {[%emt 0:00:06]} Bf8 {[%emt 0:00:17]} 43. Rd8 {[%emt 0:00:02]} Bg7 {[%emt 0:00:28]} 44. Ra8+ {[%emt 0:00:04]} Kb7 {[%emt 0:00:02]} 45. Re8 {[%emt 0:00:01]} Bd4 {[%emt 0:00:08]} 46. Rxe6 {[%emt 0:00:07]} Bxf2 {[%emt 0:00:03]} 47. Rxg6 {[%emt 0:00:02]} f4 {[%emt 0:00:37]} 48. gxf4 {[%emt 0:00:02]} Bxh4 {[%emt 0:00:01]} 49. Kb5 {[%emt 0:00:00]} Bd8 {[%emt 0:00:20]} 50. Rg7+ {[%emt 0:00:05]} Kc8 {[%emt 0:00:26]} 51. a6 {[%emt 0:00:03]} Kb8 {[%emt 0:00:05]} 52. Rg8 {[%emt 0:00:01]} 1-0

[Event "29th Czech Open-Rapid 2018"]
[Site "Pardubice"]
[Date "2018.07.18"]
[Round "3"]
[White "Bystrov, Sergej M"]
[Black "Ludvik, Tomas"]
[Result "1/2-1/2"]
[WhiteElo "2233"]
[BlackElo "2048"]
[Annotator "TA"]
[PlyCount "160"]
[EventDate "2018.07.18"]
[EventType "swiss"]
[EventCountry "CZE"]
[SourceTitle "playchess.com"]
[Source "ChessBase"]
[SourceQuality "1"]

{[%evp 20,160,55,37,58,57,65,41,68,61,64,56,114,116,108,0,0,0,0,-6,0,-11,31,32,55,59,66,65,60,52,218,218,196,191,169,82,102,58,138,134,128,67,64,67,82,67,92,77,110,79,118,88,118,91,127,127,127,113,127,127,128,128,128,128,171,128,277,0,277,67,266,266,349,207,200,225,176,181,375,369,337,354,288,189,304,181,166,8,10,0,0,0,0,0,0,0,0,0,0,0,8,8,8,8,8,8,8,8,8,8,8,8,8,8,8,8,8,8,8,0,0,0,0,0,0,0,0,0,0,0,0,0,0,0,8,8,91,8,8,8,8,8,8]} 1. d4 d5 2. Nf3 Nf6 3. c4 c6 4. Qc2 g6 5. Bf4 Bf5 6. Qb3 Qb6 7. e3 Nbd7 8. h3 {D11: Damengambit (Slawische Verteidigung)} (8. Nc3 dxc4 9. Bxc4 Qxb3 10. Bxb3 e6 11. h3 Bg7 12. Ke2 Ne4 13. Rhd1 h5 14. Rac1 O-O 15. Nh4 Nxc3+ 16. bxc3 {1-0 (24) Vachier Lagrave,M (2789)-Libiszewski,F (2507) chess.com INT 2018}) 8... Bg7 9. Nc3 Qxb3 10. axb3 O-O 11. Be2 {LiveBook: 3 Partien} Rfe8 12. g4 $146 ({Vorgänger:} 12. O-O Bc2 13. cxd5 Nxd5 14. Nxd5 cxd5 15. Bb5 Bf5 {1-0 (44) Montalban Galvez,A (2183)-Bosque Ortega,X (2197) Benidorm 2013}) 12... Be4 13. Nxe4 Nxe4 14. cxd5 cxd5 15. Bb5 a6 (15... Red8 $14) 16. Bxd7 $16 Red8 17. Ke2 (17. Ba4 $16 b5 18. O-O (18. Bc7 Rdc8 $11)) 17... Rxd7 $11 18. Rhc1 f6 19. Bc7 Rc8 20. Ba5 (20. Bb6 {seems wilder.} Re8 21. Rc2 e5 22. Rac1 Nd6 23. Rc7) 20... Rxc1 (20... Re8 {is interesting.} 21. Rc2 Nd6 22. Rac1 Kf7 23. h4 Nb5) 21. Rxc1 e6 22. Rc8+ Kf7 23. Ne1 $1 Bf8 24. Nd3 Bd6 $2 (24... h5 $14) 25. f3 $18 Ng3+ 26. Kf2 h5 27. Kg2 (27. b4 $1 $18 {bietet bessere Gewinnchancen.}) 27... h4 $16 28. Be1 Rc7 (28... g5 $14) 29. Rxc7+ Bxc7 {[%mdl 4096] Endspiel KLS-KLS} 30. f4 (30. Nc5 $1 $16) 30... Ne4 $14 31. Bxh4 Bd6 32. Be1 Ke7 33. Kf3 Kf7 34. Ke2 (34. Ba5 {looks sharper.} g5 35. fxg5 Nxg5+ 36. Kg2 Ne4 37. Be1) 34... Ke7 35. Bb4 (35. Ba5 {feels hotter.} Kd7 36. h4 Bf8 37. Kf3 Bd6 38. Bb4) 35... Bxb4 36. Nxb4 $16 {KS-KS} Ng3+ 37. Ke1 Ne4 38. Nd3 b6 39. h4 Kf7 40. Nf2 Nd6 41. Ke2 Ke7 42. Kd3 f5 (42... a5 $16 {ist wohl besser.} 43. g5 Nf7) 43. Ke2 $2 (43. g5 $1 $18) 43... Kf7 $2 {[%mdl 8192]} (43... fxg4 $11 {und Schwarz muss sich keine Sorgen machen.} 44. Nxg4 Nf5) 44. Kf3 $2 ({Weiss kommt nicht vorbei an} 44. g5 $1 $18) 44... Kg7 $2 (44... fxg4+ $1 $14 45. Nxg4 Kg7) 45. g5 $1 $18 Kf7 46. Kg3 (46. Nd3 $142) 46... Kg7 {[#]} 47. h5 $1 {[%mdl 512]} gxh5 48. Kh4 $1 Kg6 $2 (48... a5 49. Kxh5 Kh7) 49. Nd3 Ne4 50. Ne5+ Kg7 51. Kxh5 Ng3+ 52. Kh4 Nf1 {[#]} 53. Nd7 $2 ({Besser ist} 53. Nc6 $1 $18) 53... Nxe3 $11 54. Nxb6 Nc2 55. Na4 Nxd4 {zielt auf ...Se2 ab.} 56. Nc5 a5 57. Kg3 Kf7 58. Kf2 Nc6 59. Ke3 d4+ 60. Kd3 e5 61. fxe5 Nxe5+ 62. Kxd4 Nf3+ 63. Kd5 Nxg5 64. Ke5 Kg6 65. Nb7 Nh3 66. Nxa5 {Und b4 würde nun gewinnen.} f4 67. Ke4 {Schwarz muss nun b4 beachten.} Kg5 68. Nc4 {Droht b4 und aus.} Nf2+ 69. Kf3 Nd3 70. Ke2 Nc1+ 71. Kd2 Nxb3+ 72. Kc3 Nc5 73. b4 Nd7 74. Kd4 Kf5 75. Kd5 f3 76. Kd6 Nb8 77. b5 {Sd2 ist eine echte Drohung.} Kf4 {[#]} (77... f2 $11) 78. Kc7 ({Lieber} 78. Ne5 $1 $16 {[%cal Re5f3] Und weiter mit Sxf3! wäre nett.} Nd7 79. Nxf3 (79. Kxd7 Kxe5 80. b6 f2 $11)) 78... f2 {Die Stellung ist ausgeglichen.} 79. Nd2 Ke3 80. Nf1+ Kd4 $1 {Precision: Weiß = 49%, Schwarz = 39%.} 1/2-1/2

[Event "29th Czech Open-Rapid 2018"]
[Site "Pardubice"]
[Date "2018.07.18"]
[Round "3"]
[White "Semjonovs, Ilja"]
[Black "Harshini A"]
[Result "1-0"]
[WhiteElo "2219"]
[BlackElo "2037"]
[Annotator "TA"]
[PlyCount "121"]
[EventDate "2018.07.18"]
[EventType "swiss"]
[EventCountry "CZE"]
[SourceTitle "playchess.com"]
[Source "ChessBase"]
[SourceQuality "1"]

{[%evp 21,121,0,36,27,45,45,59,64,67,36,23,49,47,0,36,-17,43,0,152,150,141,139,189,200,164,190,316,315,383,386,435,192,368,374,387,384,401,374,401,391,383,373,572,573,579,569,771,529,569,502,499,497,475,297,284,276,257,239,294,253,295,295,310,309,299,287,331,327,374,373,373,366,361,360,527,520,484,497,541,536,895,604,961,929,954,669,2075,1734,29997,29988,29988,29989,29989,29978,29984,29985,29985,29986,29984,29985,29984,29985]} 1. e4 e5 2. Nf3 Nc6 3. Bb5 {[%cal Bf1b5,Bb5a4,Ba4b3][%mdl 32]} a6 4. Ba4 Nge7 5. O-O g6 6. c3 Bg7 7. d4 exd4 8. cxd4 b5 {C60: Ruy Lopez: Unusual Black 3rd moves and 3...g6} 9. Bb3 O-O 10. Nc3 d6 11. h3 h6 {LiveBook: 9 Games} (11... Na5 12. Bc2 c5 13. dxc5 dxc5 14. Qxd8 Rxd8 {0-1 (65) Vachier Lagrave,M (2789)-Mamedyarov,S (2808) Leuven 2018}) 12. Re1 Kh7 13. Bf4 Na5 $146 ({Predecessor:} 13... f5 14. e5 dxe5 15. dxe5 Qxd1 16. Raxd1 {½-½ (79) Regam,J (2019)-Michelle,C (2137) Al Ain 2013}) 14. Bc2 Nc4 15. Qc1 Bb7 16. b3 Nb6 17. Qd2 Qd7 18. Rad1 ({Better is} 18. Nh4 $14) 18... Rad8 (18... f5 $11) 19. Ne2 Nc6 $2 (19... f5 $11) 20. h4 $16 Qg4 21. Bg3 Ne7 22. Nh2 Qd7 {[#]} 23. h5 $1 {[%mdl 512]} gxh5 (23... Bc8 $142 24. d5 Qe8) 24. Nf4 $18 Ng6 25. Nxh5 Rh8 26. Nf4 (26. f4 $142) 26... Nxf4 $2 (26... Kg8 27. Nh5 a5) 27. Qxf4 ({Weaker is} 27. Bxf4 Kg8 $18) 27... Kg8 28. Bh4 Re8 29. Re3 Re6 30. Rg3 Rg6 31. Ng4 Qe6 (31... h5 {keeps fighting.} 32. Nf6+ Bxf6) 32. d5 Be5 33. Qf3 Nxd5 34. exd5 Bxd5 35. Qxd5 Qxd5 36. Rxd5 Bxg3 37. Bxg6 ({Not} 37. fxg3 Rxg4 38. Bf5 Rg6 $18) 37... Bxh4 38. Bf5 Kg7 39. g3 Be7 40. Rd1 Rd8 41. Ne3 c6 42. Rc1 c5 43. Nd5 Bf8 44. Bd3 Rc8 45. a4 bxa4 46. bxa4 a5 47. Rb1 Rc6 (47... c4 $142 48. Rc1 c3 49. Rxc3 Rxc3 50. Nxc3 Be7) 48. Bc4 {Hoping for Rb8.} Rc8 49. Rb7 Re8 50. Ne3 Be7 51. Ra7 Kf8 52. Nf5 h5 53. Rxa5 Rb8 54. Ra7 Rb4 55. Bd5 {White mates.} Rb1+ 56. Kg2 Re1 57. Nxe7 Rxe7 58. Rxe7 Kxe7 59. a5 c4 60. Bxc4 Kd7 61. Bxf7 {Precision: White = 79%, Black = 28%.} 1-0

[Event "29th Czech Open-Rapid 2018"]
[Site "Pardubice"]
[Date "2018.07.18"]
[Round "3"]
[White "Annenkov, Kirill"]
[Black "Tarun V Kanth"]
[Result "0-1"]
[WhiteElo "2214"]
[BlackElo "2086"]
[Annotator "NA"]
[PlyCount "62"]
[EventDate "2018.07.18"]
[EventType "swiss"]
[EventCountry "CZE"]
[SourceTitle "playchess.com"]
[Source "ChessBase"]
[SourceQuality "1"]
[TimeControl "900+10"]

1. d4 {[%emt 0:00:00]} Nf6 {[%emt 0:00:00]} 2. c4 {[%emt 0:00:00]} e6 {[%emt 0:00:00]} 3. g3 {[%emt 0:00:00]} d5 {[%emt 0:00:00]} 4. Bg2 {[%emt 0:00:03]} Bb4+ {[%emt 0:00:00]} 5. Nd2 {[%emt 0:00:05]} O-O {[%emt 0:00:17]} 6. Ngf3 {[%emt 0:00:02]} dxc4 {[%emt 0:00:09]} 7. O-O {[%emt 0:00:04]} Nbd7 {[%emt 0:00:18]} 8. Nxc4 {[%emt 0:00:11]} Nb6 {[%emt 0:00:15]} 9. Qb3 {[%emt 0:00:34]} Be7 {[%emt 0:00:04]} 10. Rd1 {[%emt 0:00:10]} Bd7 {[%emt 0:00:09]} 11. Qc2 {[%emt 0:01:33]} Bc6 {[%emt 0:00:10]} 12. b3 {[%emt 0:00:35]} Be4 {[%emt 0:00:24]} 13. Qb2 {[%emt 0:00:13]} Qd5 {[%emt 0:01:11]} 14. Bf4 {[%emt 0:00:29]} Qh5 {[%emt 0:01:19]} 15. Nxb6 {[%emt 0:00:32]} cxb6 {[%emt 0:00:01]} 16. Rac1 {[%emt 0:00:15]} Nd5 {[%emt 0:00:06]} 17. Bd2 {[%emt 0:00:08]} Bf6 {[%emt 0:00:15]} 18. Be1 {[%emt 0:00:21]} Rfd8 {[%emt 0:00:25]} 19. Ne5 {[%emt 0:01:13]} Bxg2 {[%emt 0:00:18]} 20. Kxg2 {[%emt 0:00:03]} Bxe5 {[%emt 0:01:48]} 21. dxe5 {[%emt 0:00:02]} Rd7 {[%emt 0:00:07]} 22. Rd3 {[%emt 0:02:25]} Rad8 {[%emt 0:01:45]} 23. Rcd1 {[%emt 0:00:38]} h6 {[%emt 0:00:46]} 24. Kg1 {[%emt 0:00:17]} Qh3 {[%emt 0:00:30]} 25. Qd2 {[%emt 0:02:00]} g5 {[%emt 0:01:39]} 26. f3 {[%emt 0:01:15]} Kg7 {[%emt 0:01:03]} 27. Bf2 {[%emt 0:00:11]} Kh8 {[%emt 0:00:59]} 28. Qe1 {[%emt 0:00:17]} Nf4 {[%emt 0:02:08]} 29. gxf4 {[%emt 0:00:12]} gxf4 {[%emt 0:00:00]} 30. Qf1 {[%emt 0:00:19]} Rg8+ {[%emt 0:00:01]} 31. Kh1 {[%emt 0:00:01]} Rxd3 {[%emt 0:00:12]} 0-1

[Event "29th Czech Open-Rapid 2018"]
[Site "Pardubice"]
[Date "2018.07.18"]
[Round "3"]
[White "Jazdanovs, Aleksandrs"]
[Black "Becker, Dirk"]
[Result "1-0"]
[WhiteElo "2205"]
[BlackElo "2265"]
[Annotator "TA"]
[PlyCount "129"]
[EventDate "2018.07.18"]
[EventType "swiss"]
[EventCountry "CZE"]
[SourceTitle "playchess.com"]
[Source "ChessBase"]
[SourceQuality "1"]

{[%evp 13,129,8,41,45,50,38,53,4,79,31,48,49,45,38,127,129,123,99,122,109,191,183,179,118,125,110,125,72,225,146,216,208,229,161,206,171,292,239,232,225,218,212,431,438,514,500,499,508,552,557,537,441,435,439,403,432,443,436,525,528,604,605,593,579,675,672,670,670,639,618,600,577,660,644,611,586,1055,973,1034,880,1822,2898,2350,2162,1585,1477,5002,3712,12835,12835,12836,12836,12842,12832,12842,12842,12845,12845,12847,12845,12847,12847,12850,12847,12848,12847,12847,12847,12847,12846,12847,12847,12848,12848,12849,12849,12849,12849]} 1. e4 c5 2. Nf3 e6 3. d4 cxd4 4. Nxd4 Nf6 5. Nc3 Nc6 6. g3 Bb4 7. Bg2 Qa5 {LiveBook: 3 Games. B45: Sicilian Four Knights} (7... O-O 8. O-O d6 9. h3 a6 10. Nde2 Bc5 11. g4 Qc7 12. a4 b6 13. g5 Nd7 14. Nf4 Nde5 15. Nd3 Bb7 16. Nxc5 dxc5 {½-½ (23) Baklan,V (2656)-Krasenkow,M (2631) Koge 2014}) 8. O-O O-O 9. Nb3 Qd8 {White is slightly better.} 10. Bf4 Be7 (10... e5 $11 {keeps the balance.} 11. Bd2 d6) 11. Qd2 a5 $146 ({Predecessor:} 11... Ne8 12. Rad1 d6 13. Qe2 e5 14. Be3 Nc7 15. f4 exf4 16. gxf4 {1-0 (33) Miskovsky,P (2210)-Chochol,L (2170) Czechia 1997}) 12. Rad1 a4 13. Nd4 Qb6 {[#]} ({Black should play} 13... a3 $14) 14. Ndb5 $1 $16 Ne8 15. a3 f5 16. Be3 Qa5 {[#]} (16... Bc5 $16 {was worth a try.}) 17. exf5 $1 $18 Rxf5 18. Nd4 (18. Qe2 $18) 18... Nxd4 $16 19. Bxd4 Ra6 20. Qe3 (20. Be4 $142) 20... Qc7 $2 (20... Nd6 $16) 21. Be4 Rf8 (21... Rf7 $16 {was necessary.} 22. Bd3 Ra8) 22. Bd3 $18 Rc6 23. Bb5 ({Don't play} 23. Nxa4 Nd6) 23... Nf6 24. Bxc6 bxc6 (24... Qxc6 $142 25. Qd3 b6) 25. Bxf6 Rxf6 26. Nxa4 c5 27. Nc3 d5 $2 {[#]} (27... Bb7 28. Ne4 Rf5) 28. Rxd5 $1 {[%mdl 512]} Bb7 (28... exd5 29. Nxd5) 29. Re5 Qc6 {[%csl Gb7][%cal Rc6h1] [#]} 30. f3 $1 Rh6 (30... Rxf3 31. Qxf3) 31. Re1 c4 32. Rxe6 Bc5 33. Rxc6 Bxe3+ 34. Rxe3 Rxc6 {[%mdl 4096] Endgame KRB-KRN. White is clearly winning.} 35. Ne4 Rc7 36. Nd6 {[%cal Re3e8]} h5 37. Nxb7 Rxb7 {KR-KR} 38. b4 cxb3 39. cxb3 Rc7 40. Kf2 Rc1 41. Re1 Rc3 42. Rb1 Kf7 43. h4 Ke6 44. a4 {[%cal Ba3a4,Ba4a5][%mdl 32]} Kd5 45. b4 {[%cal Bb3b4,Bb4b5,Bb5b6][%mdl 32]} Kc6 46. b5+ Kb6 {[#]} 47. a5+ $1 Kb7 (47... Kxa5 48. b6) 48. b6 Ra3 49. Rb5 g6 50. Rg5 Ka6 51. g4 hxg4 52. fxg4 Kb7 53. Kg2 Ka6 54. h5 gxh5 55. gxh5 Re3 56. h6 {[%cal Bh5h6,Bh6h7][%mdl 32]} Re8 57. h7 Rh8 58. Rh5 Kb7 59. Kf3 Ka6 60. Ke4 Kb7 61. Kd5 Ka6 62. Kc4 Kb7 63. Kb5 {White threatens a6+ and mate.} Ka8 64. a6 {Intending Rg5 and mate.} Kb8 65. Rg5 {Precision: White = 65%, Black = 25%.} 1-0

[Event "29th Czech Open-Rapid 2018"]
[Site "Pardubice"]
[Date "2018.07.18"]
[Round "3"]
[White "Zlatin, Alexander"]
[Black "Nehyba, Martin"]
[Result "1-0"]
[WhiteElo "2200"]
[BlackElo "2163"]
[Annotator "NA"]
[PlyCount "59"]
[EventDate "2018.07.18"]
[EventType "swiss"]
[EventCountry "CZE"]
[SourceTitle "playchess.com"]
[Source "ChessBase"]
[SourceQuality "1"]
[TimeControl "900+10"]

1. e4 {[%emt 0:00:00]} c5 {[%emt 0:00:00]} 2. c3 {[%emt 0:00:00]} d5 {[%emt 0:00:00]} 3. exd5 {[%emt 0:00:00]} Qxd5 {[%emt 0:00:00]} 4. Nf3 {[%emt 0:00:00]} Nc6 {[%emt 0:00:00]} 5. d4 {[%emt 0:00:00]} e5 {[%emt 0:00:00]} 6. Be3 {[%emt 0:01:38]} Bg4 {[%emt 0:00:08]} 7. c4 {[%emt 0:00:33]} Qd8 {[%emt 0:00:02]} 8. d5 {[%emt 0:00:11]} Nd4 {[%emt 0:00:01]} 9. Bxd4 {[%emt 0:00:37]} exd4 {[%emt 0:00:14]} 10. Be2 {[%emt 0:00:02]} Nf6 {[%emt 0:00:19]} 11. O-O {[%emt 0:00:25]} Bd6 {[%emt 0:00:03]} 12. Nxd4 {[%emt 0:00:25]} cxd4 {[%emt 0:01:18]} 13. Bxg4 {[%emt 0:00:01]} Qc7 {[%emt 0:00:01]} 14. Re1+ {[%emt 0:00:39]} Kf8 {[%emt 0:00:01]} 15. Qxd4 {[%emt 0:00:17]} Bxh2+ {[%emt 0:01:37]} 16. Kf1 {[%emt 0:00:16]} Nxg4 {[%emt 0:01:20]} 17. Qxg4 {[%emt 0:00:02]} Bf4 {[%emt 0:00:01]} 18. Na3 {[%emt 0:00:51]} h5 {[%emt 0:00:02]} 19. Qe2 {[%emt 0:00:11]} h4 {[%emt 0:02:49]} 20. Nb5 {[%emt 0:00:11]} Qc5 {[%emt 0:00:01]} 21. Qe4 {[%emt 0:00:36]} a6 {[%emt 0:01:06]} 22. b4 {[%emt 0:02:25]} Qxb4 {[%emt 0:00:15]} 23. Rab1 {[%emt 0:00:01]} Qc5 {[%emt 0:04:03]} 24. Qxf4 {[%emt 0:00:03]} axb5 {[%emt 0:00:01]} 25. Rxb5 {[%emt 0:00:02]} Qc8 {[%emt 0:00:02]} 26. Kg1 {[%emt 0:03:30]} h3 {[%emt 0:00:41]} 27. g3 {[%emt 0:00:01]} h2+ {[%emt 0:01:09]} 28. Kh1 {[%emt 0:00:01]} Rxa2 {[%emt 0:00:03]} 29. Rc5 {[%emt 0:00:21]} Qd8 {[%emt 0:01:07]} 30. Qd6+ {[%emt 0:00:20]} 1-0

[Event "29th Czech Open-Rapid 2018"]
[Site "Pardubice"]
[Date "2018.07.18"]
[Round "3"]
[White "Soural, Jan"]
[Black "Gorbatenko, Alexander"]
[Result "1-0"]
[WhiteElo "2192"]
[BlackElo "2049"]
[Annotator "TA"]
[PlyCount "87"]
[EventDate "2018.07.18"]
[EventType "swiss"]
[EventCountry "CZE"]
[SourceTitle "playchess.com"]
[Source "ChessBase"]
[SourceQuality "1"]

{[%evp 23,87,33,31,21,33,41,66,51,48,54,51,39,54,52,93,51,142,138,180,173,150,112,131,106,106,122,140,114,112,110,113,111,163,162,180,161,229,160,267,229,278,190,261,222,188,126,149,140,148,155,181,161,203,187,413,400,542,616,582,595,1054,1046,1016,989,1321,1209]} 1. d4 Nf6 2. c4 e6 3. g3 d5 4. Nf3 Be7 5. Bg2 O-O 6. O-O dxc4 7. Qc2 a6 8. a4 Nc6 9. Qxc4 Qd5 10. Qxd5 {E05: Open Catalan: 5 Nf3 Be7} (10. Nbd2 Rd8 11. e3 Qh5 12. Ne1 e5 13. dxe5 Ng4 14. Ndf3 Be6 15. Qc2 Bf5 16. Qb3 Be4 17. h3 Ngxe5 18. g4 Qg6 19. a5 {1-0 (35) Mareco,S (2606)-Zhigalko,A (2591) Baku 2016}) 10... Nxd5 11. Nc3 Ndb4 12. Bf4 Bd6 {LiveBook: 3 Games} 13. Rac1 $146 ({Predecessor:} 13. Rfd1 Bxf4 14. gxf4 Rd8 15. e3 Bd7 16. Ne5 Be8 17. Rac1 Na5 18. b3 Rab8 19. Rb1 f6 {½-½ (19) Valsecchi,A (2429)-Naumkin,I (2453) Gallipoli 2013}) 13... h6 14. Rfd1 Rb8 15. Bxd6 cxd6 16. d5 Na5 17. dxe6 Bxe6 18. Nd4 Bc4 19. Ne4 Bd5 (19... d5 $14) 20. Nxd6 $16 {[#] Strongly threatening Bxd5.} Bxg2 21. Kxg2 Rfd8 22. Nc4 Rxd4 23. Nxa5 Rxd1 24. Rxd1 {[%mdl 4096] Endgame KRN-KRN} b6 25. Nb3 Kf8 26. Rd7 Ke8 27. Rc7 Nd5 (27... a5 $16 {was necessary.} 28. Nd4 Na6) 28. Ra7 $18 a5 29. Nd4 Rc8 (29... g6 $142 30. e3 Rc8) 30. e3 Rc4 (30... g6 $16 31. Kf3 Rc7 32. Ra8+ Ke7) 31. b3 Rc3 32. h4 Nf6 (32... g6 $142 33. Rb7 h5) 33. Rb7 Nd7 34. Kf3 ({Better is} 34. Nf5 $18) 34... Kd8 35. Ke2 g6 36. Kd2 Rc5 37. Ra7 Kc8 38. e4 f5 $2 (38... Rc7 {might work better.} 39. Ra8+ Kb7) 39. h5 {[%cal Bh4h5,Bh5g6,Bg6g7][%mdl 32]} fxe4 40. hxg6 {White is clearly winning.} Rg5 41. Nc6 Rc5 42. g7 Nf6 43. Rf7 Rxc6 {[#]} 44. Rxf6 $1 {[%mdl 512] Precision: White = 60%, Black = 29%.} 1-0